Význam projektov v podnikovej praxi

Vysoké školy by mali produkovať dobre pripravených odborníkov na riešenie problémov vyskytujúcich sa v podnikovej praxi. Neustále zmeny, ktoré stavajú pred podniky nové ciele. Tieto je možné dosiahnuť dobre pripraveným a realizovaným projektom. Dôvod výučby Projektového manažmentu na vysokých školác...

Ausführliche Beschreibung

Gespeichert in:
Bibliographische Detailangaben
1. Verfasser: Marsina, Štefan
Format: Buchkapitel
Sprache:Slowakisch
Schlagworte:
Tags: Tag hinzufügen
Keine Tags, Fügen Sie das erste Tag hinzu!

MARC

LEADER 00000naa$a2200000$$$4500
001 0043657
005 20240502071520.5
041 0 |a slo 
044 |a SK 
245 1 0 |a Význam projektov v podnikovej praxi  |c Štefan Marsina 
520 |a Vysoké školy by mali produkovať dobre pripravených odborníkov na riešenie problémov vyskytujúcich sa v podnikovej praxi. Neustále zmeny, ktoré stavajú pred podniky nové ciele. Tieto je možné dosiahnuť dobre pripraveným a realizovaným projektom. Dôvod výučby Projektového manažmentu na vysokých školách. Pre podporu zefektívnenia výučby predmetu Projektový manažment na FPM EU v Bratislave bol vykonaný prieskum o projektoch a podporných fondoch na ich realizáciu. Prieskum projektového prístupu pri zabezpečovaní systémových zmien v podnikoch SR. Účasť v zahraničných projektoch a využívanie domácich a zahraničných fondov. Prieskum ukázal smer, ktorým by sa mali uberať vysoké školy, aby pomohli rozvinúť projektový prístup pri riešení závažných problémov v podnikoch. 
610 2 0 |a podnik 
610 2 0 |a projekty 
610 2 0 |a manažment 
610 2 0 |a riadenie projektové 
610 2 0 |a školy vysoké 
610 2 0 |a Ekonomická univerzita v Bratislave 
100 1 |a Marsina, Štefan